Pʻul hausŭ Full house. Part B /

풀하우스 Full house. Part B.
書誌詳細
団体著者: Hanʾguk Pangsong Kongsa
その他の著者: Pʻyo, Min-su, Song, Hye-gyo, Chŏng, Chi-hun, Han, Ŭn-jŏng, Kim, Sŏng-su
フォーマット: ビデオ DVD
言語:Korean
出版事項: [Sŏul] : KBS Midiŏ, 2004.
シリーズ:KBS mini sirijŭ.
主題:
LEADER 01607cgm a2200433 a 4500
001 0025832
003 BD-DhAAL
005 20251007143840.0
007 vd cvaizk
008 120829p2004 ko nnn vlkor d
024 1 |a 8809246770850 
040 |a BD-DhAAL  |c BD-DhAAL 
041 |a kor  |b eng 
082 0 0 |a 791.43  |2 22 
245 1 0 |6 880-01  |a Pʻul hausŭ  |h [videorecording] =  |b Full house.  |n Part B /  |c cyŏnchʻul, Pʻyo Min-su. 
246 |a Full house 
260 |a [Sŏul] :  |b KBS Midiŏ,  |c 2004. 
300 |a 3 videodiscs (DVD) :  |b sd., col. ;  |c 4 3/4 in. 
490 1 |a KBS mini sirijŭ 
500 |a Originally produced as a television drama.Aspect ratio 1.33:1; dual layer. 
538 |a DVD video :NTSC color broadcast system :Korean 
541 1 |e 00025832 
546 |a In Korean with English subtitle. 
650 0 |a Motion picture  |x DVD special features.  |9 4946 
650 0 |a Romance fiction, Korean.  |9 59514 
650 0 |a Television plays, Korean.  |9 4952 
650 0 |a Feature films  |z Korea (South).  |9 4850 
700 1 |a Pʻyo, Min-su.  |9 4947 
700 1 |a Song, Hye-gyo.  |9 4948 
700 1 |a Chŏng, Chi-hun.  |9 4949 
700 1 |a Han, Ŭn-jŏng.  |9 4950 
700 1 |a Kim, Sŏng-su.  |9 59491 
710 |a Hanʾguk Pangsong Kongsa.  |9 59492 
830 |a KBS mini sirijŭ.  |9 59493 
852 4 |a Ayesha Abed Library 
880 |6 245-01  |a 풀하우스  |h [videorecording] =  |b Full house.  |n Part B. 
942 |2 ddc  |c AV 
999 |c 12791  |d 12791 
952 |0 0  |1 0  |2 ddc  |4 0  |6 791_430000000000000_PUL  |7 0  |9 21059  |a BRACUL  |b BRACUL  |c AV  |d 2012-08-28  |e BIL  |l 0  |o 791.43 PUL  |p 4010025832  |r 2012-09-04  |t 1  |w 2012-08-28  |y AV